[Event "IX EICC"]
[Site "Plovdiv BUL"]
[Date "2008.04.29"]
[Round "8"]
[White "Khismatullin,D"]
[Black "Nielsen,PH"]
[Result "1/2-1/2"]
[WhiteElo "2584"]
[BlackElo "2629"]

1.d4 d5 2.c4 e6 3.Nf3 Nf6 4.Bg5 Bb4+ 5.Nc3 dxc4 6.e4 c5 7.Bxc4 cxd4 8.Nxd4 Bxc3+
9.bxc3 Qa5 10.Bb5+ Bd7 11.Bxf6 gxf6 12.Bxd7+ Nxd7 13.O-O a6 14.Rb1 Qc7 15.Qh5 Nc5
16.Rb4 Qe5 17.Qh4 Qg5 18.Qh3 Rg8 19.Rc4 b5 20.Rxc5 Qxc5 21.Nxe6 fxe6 22.Qxe6+ Kf8
23.Qxf6+ Ke8 24.Qe6+  1/2-1/2

[Event "Politiken Cup"]
[Site "Helsingor DEN"]
[Date "2008.07.19"]
[Round "1"]
[White "Christiansen,Er"]
[Black "Nielsen,PH"]
[Result "0-1"]
[WhiteElo "2008"]
[BlackElo "2652"]

1.e4 c5 2.Nc3 Nc6 3.g3 g6 4.Bg2 Bg7 5.Nge2 e5 6.d3 Nge7 7.O-O d6 8.Be3 O-O
9.Qd2 Nd4 10.f4 exf4 11.Nxf4 Rb8 12.Ncd5 Ndc6 13.c3 b6 14.Rae1 Ba6 15.c4 b5
16.b3 bxc4 17.dxc4 Bb7 18.Nxe7+ Nxe7 19.Nd5 Bxd5 20.exd5 Nf5 21.Bg5 Bc3 22.Qxc3 Qxg5
23.Re4 Rbe8 24.Rfe1 Qd8 25.Kh1 a5 26.Bh3 Nd4 27.Bg2 Rxe4 28.Rxe4 Re8 29.Qe3 Rxe4
30.Qxe4 Qg5 31.Qe1 Nc2 32.Qd1 Qe3 33.h3 Ne1 34.Kh2 Qf2  0-1

[Event "Politiken Cup"]
[Site "Helsingor DEN"]
[Date "2008.07.20"]
[Round "2"]
[White "Nielsen,PH"]
[Black "Akdag,D"]
[Result "1-0"]
[WhiteElo "2652"]
[BlackElo "2172"]

1.e4 c5 2.Nf3 d6 3.d4 cxd4 4.Nxd4 Nf6 5.Nc3 a6 6.Be3 e6 7.g4 e5 8.Nf5 g6
9.g5 gxf5 10.exf5 d5 11.gxf6 d4 12.Bc4 Qc7 13.Qd3 dxc3 14.O-O-O Bd7 15.Rhe1 Bb4
16.Kb1 Rf8 17.Bf4 Bd6 18.Qxd6 Qxd6 19.Rxd6 Nc6 20.Bh6  1-0

[Event "Politiken Cup"]
[Site "Helsingor DEN"]
[Date "2008.07.23"]
[Round "6"]
[White "Nielsen,PH"]
[Black "Mchedlishvili,M"]
[Result "1/2-1/2"]
[WhiteElo "2652"]
[BlackElo "2604"]

1.d4 d5 2.c4 c6 3.Nc3 Nf6 4.e3 a6 5.Nf3 Bf5 6.Qb3 b5 7.c5 a5 8.Ne5 a4 9.Qd1 Qa5
10.Bd2 b4 11.Ne2 Ne4 12.Ng3 Nxd2 13.Qxd2 Bc8 14.Nd3 a3 15.bxa3 bxa3 16.Qxa5 Rxa5
17.Rb1 Ra8 18.Kd2 f6 19.Be2 Kd8 20.Rb6 Kc7 21.Nb4 e5 22.Rb1 g6 23.Bf3 exd4
24.exd4 Be6 25.Kc3 Bh6 26.Re1 Bd7 27.Rb1 Be6 28.Be2 Bc8 29.Bd3 Re8 30.Ne2 Re6
31.Nc2 f5 32.R6b3 Nd7 33.Rxa3 Rxa3+ 34.Nxa3 Nf6 35.f3 Re3 36.Kc2 Nd7 37.Rd1 Nf8
38.f4 Ne6 39.Kd2 Rxe2+ 40.Kxe2 Nxd4+ 41.Ke3 Ne6 42.g3 Bf8 43.Nc2 Bxc5+ 44.Ke2 Ba7
45.Nb4 Kd6 46.a4 Nd4+ 47.Kd2 c5 48.Nc2 Nc6  1/2-1/2

[Event "BNbank Blitz 3rd-4th KO"]
[Site "Oslo NOR"]
[Date "2009.11.28"]
[Round "3.3"]
[White "Berg,E"]
[Black "Nielsen,PH"]
[Result "0-1"]
[WhiteElo "2594"]
[BlackElo "2697"]

1.e4 e5 2.Nf3 Nc6 3.Bb5 Nf6 4.d3 Bc5 5.O-O Nd4 6.Nxd4 Bxd4 7.c3 Bb6 8.Nd2 c6
9.Ba4 O-O 10.Qe2 d5 11.h3 Re8 12.Nf3 h6 13.Nh2 Be6 14.Bc2 Qd7 15.a4 a6 16.Be3 Bc7
17.Bd2 Rad8 18.Rad1 b5 19.Kh1 dxe4 20.dxe4 Bc4 21.Qf3 Bxf1 22.Nxf1 Qe6 23.Ra1 Nh7
24.Be3 Ng5 25.Qh5 Nh7 26.Ng3 Nf6 27.Qh4 Kh7 28.Nf5 Ng8 29.g4 Rd7 30.g5 Bd8
31.Rg1 c5 32.Bxc5 Rd2 33.Bb1 Rxb2 34.Be3 bxa4 35.Bd3 a3 36.Nxg7 Kxg7 37.Bc4 Qg6
38.gxh6+ Kh8 39.Rxg6 Bxh4 40.Rg7 a2  0-1

[Event "BNbank Blitz 3rd-4th KO"]
[Site "Oslo NOR"]
[Date "2009.11.28"]
[Round "3.2"]
[White "Nielsen,PH"]
[Black "Berg,E"]
[Result "0-1"]
[WhiteElo "2697"]
[BlackElo "2594"]

1.d4 Nf6 2.c4 g6 3.g3 Bg7 4.Bg2 O-O 5.Nc3 d6 6.Nf3 Nbd7 7.O-O e5 8.e4 a6
9.Qc2 Rb8 10.Rd1 exd4 11.Nxd4 Re8 12.h3 Ne5 13.b3 c5 14.Nde2 Qc7 15.Bg5 Be6
16.a4 Nc6 17.Qd2 Rbd8 18.Rab1 Rd7 19.Nd5 Bxd5 20.cxd5 Nb4 21.Nc3 Rde7 22.Re1 Qd7
23.Kh2 b5 24.axb5 axb5 25.f3 c4 26.bxc4 Na6 27.cxb5 Nc5 28.b6 Rb8 29.Be3 Nh5
30.g4 Be5+ 31.f4 Nxf4 32.Bxf4 Bxf4+ 33.Qxf4 Nd3 34.Qe3 Nxe1 35.Rxe1 Qd8 36.Rb1 Reb7
37.Na4 Qe8 38.Qd4 Ra8 39.Rb4 Rc8 40.Nc3 Rcb8 41.Bf1 Qd8 42.Na4 Qg5 43.Ba6 Qf4+
44.Kg2 Re7 45.b7 h5 46.Qa7 Qd2+ 47.Kg1 Qxb4 48.Qxb8+ Kg7 49.Qa7 Qb1+ 50.Kg2 Qxe4+
51.Kf2 Qc2+ 52.Kf1 Qd1+ 53.Kg2 Qxd5+ 54.Kf2 Qa2+ 55.Kf1 Qa1+ 56.Kg2 Qa2+
57.Kf1 Qb1+ 58.Kg2 Qc2+ 59.Kg1 Qxa4 60.b8=Q Rxa7 61.Qxa7 hxg4 62.hxg4 Qxg4+
63.Kf2 Qf4+ 64.Kg2 Qe4+ 65.Kf2 g5 66.Be2 Qf4+ 67.Kg2 Qe4+ 68.Kf2 Qf5+ 69.Kg2 Qe4+
70.Kf2 Qf4+ 71.Kg2 d5 72.Bf3 d4 73.Qa2 g4 74.Bd1 f5 75.Qf2 Qe4+ 76.Kg1 Kg6
77.Qe2 Kg5 78.Qd2+ Qe3+ 79.Qf2 Qe5 80.Qe2 f4 81.Qd2 Qe3+ 82.Qf2 Qc1  0-1

[Event "BNbank Blitz 3rd-4th KO"]
[Site "Oslo NOR"]
[Date "2009.11.28"]
[Round "3.4"]
[White "Nielsen,PH"]
[Black "Berg,E"]
[Result "1-0"]
[WhiteElo "2697"]
[BlackElo "2594"]

1.d4 Nf6 2.c4 g6 3.g3 Bg7 4.Bg2 O-O 5.Nc3 d6 6.Nf3 Nbd7 7.O-O e5 8.e4 Re8
9.h3 exd4 10.Nxd4 a6 11.Be3 Rb8 12.b3 Ne5 13.a4 h6 14.Ra2 Kh7 15.Rd2 Ned7
16.f3 Nc5 17.Re1 Qe7 18.Bf2 c6 19.a5 Rd8 20.Nxc6 bxc6 21.Bxc5 Ne8 22.Na4 dxc5
23.Rxd8 Bd4+ 24.Rxd4 cxd4 25.Qxd4 Rxb3 26.Nc5 Ra3 27.e5 Rxa5 28.Ne4 Bf5 29.f4 Bxe4
30.Bxe4 Nc7 31.Qd6 Qxd6 32.exd6 Ne6 33.d7 Nd8 34.Bg2 Rc5 35.Re8 Nb7 36.Rb8 Rxc4
37.Rxb7 Rd4 38.Bxc6  1-0

[Event "BNbank Blitz 3rd-4th KO"]
[Site "Oslo NOR"]
[Date "2009.11.28"]
[Round "3.1"]
[White "Berg,E"]
[Black "Nielsen,PH"]
[Result "1/2-1/2"]
[WhiteElo "2594"]
[BlackElo "2697"]

1.e4 e5 2.Nf3 Nc6 3.Bb5 Nf6 4.d3 Bc5 5.c3 O-O 6.O-O d6 7.h3 h6 8.Re1 Bb6
9.Nbd2 Ne7 10.Nf1 c6 11.Ba4 Ng6 12.Ng3 Re8 13.Nh2 d5 14.Qf3 Nh4 15.Qe2 Be6
16.Bc2 Qd7 17.Nh5 Nh7 18.Ng4 Bxg4 19.hxg4 d4 20.c4 g6 21.Ng3 Ng5 22.f3 Ne6
23.Bxh6 Nf4 24.Bxf4 exf4 25.Nh1 g5 26.Nf2 Ng6 27.Nh3 Qe7 28.Kf2 Kg7 29.Rh1 Rh8
30.Rh2 Rh4 31.Rah1 Rah8 32.a3 a5 33.Qd1 Ne5 34.Ke2 Bc5 35.Qg1 b5 36.cxb5 cxb5
37.Nf2 Rxh2 38.Rxh2 Rxh2 39.Qxh2 b4 40.a4 b3 41.Bd1 Ba3 42.Bxb3 Qb4 43.Qh5 f6
44.bxa3 Qxb3 45.Qe8 Qc2+ 46.Kf1 Qc1+ 47.Ke2 Qxa3 48.Qb5 Qa2+ 49.Kf1 Qd2 50.Qb7+ Kg6
51.Qd5 Qc1+ 52.Ke2 Qb2+ 53.Kf1 Qa1+ 54.Ke2 Kg7 55.Qb7+ Kh6 56.Qa8 Qb2+ 57.Kf1 Qc1+
58.Ke2 Qc2+ 59.Kf1 Qxa4 60.Qh8+ Kg6 61.Qg8+ Kh6 62.Qh8+  1/2-1/2

[Event "Liberec Open"]
[Site "Liberec CZE"]
[Date "2010.10.23"]
[Round "1"]
[White "Nielsen,Pet"]
[Black "Pedersen,HB"]
[Result "0-1"]
[WhiteElo "1837"]
[BlackElo "2144"]

1.e4 c6 2.d4 d5 3.exd5 cxd5 4.c4 Nf6 5.h3 Nc6 6.Nf3 g6 7.Nc3 Bg7 8.Be3 O-O
9.Qd2 Ne4 10.Nxe4 dxe4 11.Ng5 f5 12.d5 Ne5 13.Bd4 h6 14.Qc3 Qd6 15.O-O-O hxg5
16.h4 g4 17.h5 gxh5 18.Rxh5 Qg6 19.Rh2 Nf7 20.Be2 Bxd4 21.Qxd4 Qf6 22.Qe3 Qg5
23.Qxg5+ Nxg5 24.d6 Be6 25.dxe7 Rfe8 26.Rh6 Kg7 27.Rdh1 Rxe7 28.b3 Rd8 29.R6h5 Nf7  0-1

[Event "11th Liberec Open"]
[Site "Liberec CZE"]
[Date "2010.10.27"]
[Round "5"]
[White "Meller,Piotr"]
[Black "Nielsen,Pet"]
[Result "1-0"]
[WhiteElo "2041"]
[BlackElo "1837"]

1.Nf3 c5 2.e4 g6 3.d4 cxd4 4.Qxd4 Nf6 5.e5 Nc6 6.Qa4 Nd5 7.Qe4 e6 8.c4 f5
9.Qe2 Nb6 10.Nc3 d5 11.cxd5 Nxd5 12.Bd2 Be7 13.h4 a6 14.O-O-O b5 15.Kb1 Qc7
16.Nxd5 exd5 17.h5 g5 18.Bxg5 Be6 19.Bf4 Rg8 20.Rc1 Qb7 21.g3 Rc8 22.Bg2 Kf7
23.h6 d4 24.Nxd4 Nxd4 25.Qh5+  1-0

[Event "11th Liberec Open"]
[Site "Liberec CZE"]
[Date "2010.10.28"]
[Round "6"]
[White "Svec,L"]
[Black "Nielsen,Pet"]
[Result "1-0"]
[WhiteElo "1772"]
[BlackElo "1837"]

1.e4 c5 2.Nf3 g6 3.d4 cxd4 4.Nxd4 Bg7 5.Nc3 d6 6.Bb5+ Bd7 7.Bxd7+ Nxd7 8.Be3 Ngf6
9.f3 O-O 10.O-O Ne5 11.b3 Rc8 12.Nce2 Nc6 13.c4 a6 14.Qd2 Re8 15.Rad1 Nd7
16.Kh1 Nxd4 17.Bxd4 Bxd4 18.Nxd4 Qb6 19.Ne2 Qc5 20.Nc1 Ne5 21.Qf4 Rf8 22.Rd5 Qc6
23.Qd2 f5 24.exf5 Rxf5 25.Ne2 Rcf8 26.Nd4 Nxf3 27.gxf3 Rxd5 28.cxd5 Qxd5
29.Qf2 e5 30.Ne2 Qc6 31.Qe3 e4 32.f4 d5 33.Rc1 Qd6 34.Kg2 Qe6 35.h3 g5 36.Nd4  1-0

[Event "Turkish Bank Chess League 2012"]
[Site "Konya TUR"]
[Date "2012.07.12"]
[Round "2"]
[White "Durarbayli,V"]
[Black "Nielsen,PH"]
[Result "1/2-1/2"]
[WhiteElo "2576"]
[BlackElo "2665"]

1.c4 c5 2.Nf3 Nf6 3.d4 cxd4 4.Nxd4 e6 5.g3 Qc7 6.Nd2 Nc6 7.Nb5 Qb8 8.Bg2 a6
9.Nc3 b5 10.O-O Be7 11.cxb5 axb5 12.Nde4 Nxe4 13.Nxe4 d5 14.Bf4 Qb6 15.Nd6+ Bxd6
16.Bxd6 Ne7 17.Bxe7 Kxe7 18.e4 dxe4 19.Qg4 Bb7 20.Qxg7 Rag8 21.Qh6 Qd4 22.a4 bxa4
23.Rfd1 Qe5 24.Rxa4 Rd8 25.Qh4+ Qf6 26.Qxf6+ Kxf6 27.Rxd8 Rxd8 28.Bxe4 Bxe4
29.Rxe4 Rd2 30.Rb4 e5 31.Rb7 e4 32.b4 Rb2 33.b5 Rb1+ 34.Kg2 Kg6 35.g4 h5
36.gxh5+ Kxh5 37.Kg3 Rb2 38.b6 Kg6 39.Rb8 f5 40.h4 Kg7 41.h5 Kh6 42.Kh4  1/2-1/2

[Event "Turkish Bank Chess League 2012"]
[Site "Konya TUR"]
[Date "2012.07.13"]
[Round "3"]
[White "Nielsen,PH"]
[Black "Inarkiev,E"]
[Result "1/2-1/2"]
[WhiteElo "2665"]
[BlackElo "2707"]

1.Nf3 d5 2.d4 Nf6 3.c4 c6 4.cxd5 cxd5 5.Nc3 Nc6 6.Bf4 a6 7.Rc1 Nh5 8.Be5 f6
9.Bg3 e5 10.e3 Nxg3 11.hxg3 Be6 12.Be2 Be7 13.O-O O-O 14.Na4 Rc8 15.a3 Bd6
16.Nc5 Bxc5 17.Rxc5 Qd6 18.b4 e4 19.Nd2 b6 20.Rc1 a5 21.bxa5 Nxa5 22.Qa4 Rxc1
23.Rxc1 Rc8 24.Rxc8+ Bxc8 25.Nb1 Bd7 26.Bb5 Bxb5 27.Qxb5 Qc6 28.Qa4 Qd6 29.Qb5 Qc6
30.Nc3  1/2-1/2

[Event "Turkish Bank Chess League 2012"]
[Site "Konya TUR"]
[Date "2012.07.15"]
[Round "5"]
[White "Tiviakov,S"]
[Black "Nielsen,PH"]
[Result "1/2-1/2"]
[WhiteElo "2675"]
[BlackElo "2665"]

1.e4 e5 2.Nf3 Nf6 3.Nxe5 d6 4.Nf3 Nxe4 5.Bd3 Nf6 6.h3 Be7 7.O-O O-O 8.c3 b6
9.Bc2 Bb7 10.Nd4 g6 11.Re1 Re8 12.Ba4 c6 13.d3 a6 14.Bf4 b5 15.Bb3 Nbd7 16.Nd2  1/2-1/2

[Event "Turkish Bank Chess League 2012"]
[Site "Konya TUR"]
[Date "2012.07.16"]
[Round "6"]
[White "Mamedov,Nid"]
[Black "Nielsen,PH"]
[Result "1/2-1/2"]
[WhiteElo "2601"]
[BlackElo "2665"]

1.e4 e5 2.Nf3 Nc6 3.Bb5 Nf6 4.O-O Nxe4 5.Re1 Nd6 6.Nxe5 Be7 7.Bf1 Nxe5 8.Rxe5 O-O
9.d4 Bf6 10.Re1 Re8 11.c3 Rxe1 12.Qxe1 Ne8 13.Bf4 d5 14.Bd3 Qe7 15.Nd2 Qxe1+
16.Rxe1 Be6 17.Nb3 Rd8 18.Na5 Bc8 19.Bb5 c6 20.Bxc6 bxc6 21.Nxc6 Kf8 22.Nxd8 Bxd8
23.Bb8 a6 24.Ba7 Be6 25.g4 Nf6 26.Bc5+ Ke8 27.f3 Kd7 28.Kf1  1/2-1/2

[Event "Turkish Bank Chess League 2012"]
[Site "Konya TUR"]
[Date "2012.07.18"]
[Round "8"]
[White "Kose,S"]
[Black "Nielsen,PH"]
[Result "0-1"]
[WhiteElo "2117"]
[BlackElo "2665"]

1.e4 c6 2.d4 d5 3.exd5 cxd5 4.c4 Nf6 5.Nc3 e6 6.Nf3 Bb4 7.Bd3 dxc4 8.Bxc4 O-O
9.O-O b6 10.Bg5 Bb7 11.Rc1 Nc6 12.Re1 Rc8 13.Bd3 Be7 14.a3 h6 15.Bh4 Nh5
16.Re4 Bxh4 17.Rxh4 Nf6 18.Bb1 Ne7 19.Ne5 Nf5 20.Rf4 Nd5 21.Nxd5 Qxd5 22.Nf3 Qd6
23.Rxc8 Rxc8 24.Qd2 Qc7 25.Bd3 Qc1+ 26.Bf1 g5 27.Rg4 Bxf3 28.Qxc1 Rxc1 29.gxf3 Nh4
30.f4 Nf3+ 31.Kg2 f5 32.Rg3 g4 33.h3 h5 34.hxg4 hxg4 35.b3 a5 36.a4 Kf8  0-1

[Event "Turkish Bank Chess League 2012"]
[Site "Konya TUR"]
[Date "2012.07.19"]
[Round "10"]
[White "Iordachescu,V"]
[Black "Nielsen,PH"]
[Result "1/2-1/2"]
[WhiteElo "2636"]
[BlackElo "2665"]

1.e4 e5 2.Nf3 Nc6 3.Bb5 Nf6 4.O-O Nxe4 5.Re1 Nd6 6.Nxe5 Be7 7.Bf1 Nxe5 8.Rxe5 O-O
9.Nc3 Ne8 10.Nd5 Bd6 11.Re1 c6 12.Ne3 Bc7 13.Nf5 d5 14.Ne7+ Kh8 15.Nxc8 Rxc8
16.d3 Nf6 17.Bd2 Qd7 18.Qf3 Rce8 19.g3 Rxe1 20.Rxe1 Re8 21.Rxe8+ Qxe8 22.Bh3 b6
23.b4 Qd8 24.Bf5 Kg8 25.h4 h6 26.Bh3 Ne8 27.Kg2 Kf8 28.a4 a5 29.bxa5 bxa5
30.Bc3 Nf6 31.Qe3 Kg8 32.Qc5 Bb6 33.Qxc6 d4 34.Bb2 Qd5+ 35.Qxd5 Nxd5 36.Bf5 Nc3
37.Bd7 Bc5 38.Bc1 Kf8 39.Bf4 Ke7 40.Bc6 Bd6 41.Bd2 Bc5 42.Kf3 Kd6 43.Be8 Ke7
44.Bc6 Kd6 45.Bb7 Bb6 46.Ba6 Nxa4 47.Bc4 f6 48.Ke4 Nc3+ 49.Bxc3 dxc3 50.d4 a4
51.h5 Ba5 52.g4 a3 53.f3 Bb4 54.Bb3 Ba5 55.Kd3 Kc7 56.Kc4 Kc6 57.Ba2 Kc7
58.Kd5 Kd7 59.Bb3 Kc7 60.Ke6 Bb6 61.Kf7 Bxd4 62.Kxg7 Be3 63.Kxf6 Kd7 64.Ke5 Ke7
65.Kd5 Kf6 66.Kc4 Bd2 67.Kb4 Kg5 68.Kxa3 Kf4 69.Bd5 Kg5 70.Kb4 Kf4 71.Kc4 Kg5
72.Be4 Kf4 73.Kd5 Kg5 74.Ke6 Bf4 75.Bd5 Bd2 76.Ke5 Bf4+ 77.Ke4 Bd2 78.Be6 Bf4
79.Kd5  1/2-1/2

[Event "Turkish Bank Chess League 2012"]
[Site "Konya TUR"]
[Date "2012.07.22"]
[Round "13"]
[White "Nielsen,PH"]
[Black "Mchedlishvili,M"]
[Result "1/2-1/2"]
[WhiteElo "2665"]
[BlackElo "2656"]

1.d4 d5 2.c4 c6 3.Nc3 Nf6 4.cxd5 cxd5 5.Bf4 Nc6 6.Nf3 Bf5 7.e3 e6 8.Qb3 Bb4
9.Bb5 O-O 10.Bxc6 Bxc3+ 11.Qxc3 Ne4 12.Qa3 bxc6 13.h3 Qb6 14.O-O c5 15.dxc5  1/2-1/2

[Event "Politiken Cup 2012"]
[Site "Helsingor DEN"]
[Date "2012.07.30"]
[Round "4.126"]
[White "Nielsen,Pet"]
[Black "Dyrhaug,Sverre S"]
[Result "0-1"]
[WhiteElo "1801"]
[BlackElo "1551"]

1.e4 e5 2.Nf3 Nc6 3.d4 exd4 4.Bc4 Bc5 5.c3 Nf6 6.cxd4 Bb4+ 7.Bd2 Bxd2+ 8.Nbxd2 d5
9.exd5 Nxd5 10.O-O O-O 11.Rc1 Nb6 12.Bb3 Nxd4 13.Nxd4 Qxd4 14.Rxc7 Qxb2 15.Re1 Qd4
16.Rxf7 Bg4 17.Rd7+ Nd5 18.Bxd5+ Kh8 19.Nf3 Qxd1 20.Rxd1 Bxd7 21.Bxb7 Rad8
22.Ne5 Be6 23.Rxd8 Rxd8 24.f4 Bxa2 25.Kf2 Bd5 26.Ba6 Rb8 27.g4 Rb2+ 28.Kg3 Ra2
29.Bc8 a5 30.g5 a4 31.f5 Re2 32.Ng4 a3 33.f6 gxf6  0-1

[Event "Politiken Cup 2012"]
[Site "Helsingor DEN"]
[Date "2012.07.31"]
[Round "5.117"]
[White "Kristiansen,Espen"]
[Black "Nielsen,Pet"]
[Result "0-1"]
[WhiteElo "1634"]
[BlackElo "1801"]

1.e4 c5 2.Nf3 Nc6 3.d4 cxd4 4.Nxd4 g6 5.Nc3 Bg7 6.Be3 Nf6 7.f3 O-O 8.Qd2 d5
9.O-O-O Qa5 10.a3 dxe4 11.Bh6 exf3 12.Nxc6 bxc6 13.Bxg7 Kxg7 14.gxf3 Bf5
15.h4 Rad8 16.Qg2 Rxd1+ 17.Nxd1 Qc5 18.h5 Re8 19.hxg6 fxg6 20.Qd2 e5 21.Nc3 Qd4
22.Bd3 Bxd3 23.cxd3 Qf4  0-1

[Event "Politiken Cup 2012"]
[Site "Helsingor DEN"]
[Date "2012.08.01"]
[Round "6.92"]
[White "Nielsen,Pet"]
[Black "Mortensen,Hen"]
[Result "0-1"]
[WhiteElo "1801"]
[BlackElo "2018"]

1.e4 Nf6 2.e5 Nd5 3.d4 d6 4.Nf3 Bg4 5.Be2 c6 6.O-O Bxf3 7.Bxf3 dxe5 8.dxe5 e6
9.Qe2 Nd7 10.c4 Ne7 11.Bf4 Ng6 12.Bg3 Qc7 13.Re1 Bb4 14.Nc3 O-O 15.a3 Bxc3
16.bxc3 Nc5 17.Qc2 Rad8 18.Re3 Rd7 19.h4 Rfd8 20.Ra2 Rd3 21.Rxd3 Nxd3 22.Be4 Nc5
23.h5 Nxe4 24.Qxe4 Nf8 25.Qe3 Qd7 26.Qxa7 Qd1+  0-1

[Event "Politiken Cup 2012"]
[Site "Helsingor DEN"]
[Date "2012.08.03"]
[Round "8.23"]
[White "Nielsen,Pet"]
[Black "Petersen,Jan"]
[Result "0-1"]
[WhiteElo "1801"]
[BlackElo "1632"]

1.d4 d5 2.Nf3 Nf6 3.c4 e6 4.Nc3 Nbd7 5.Bg5 c6 6.e3 Qa5 7.cxd5 Nxd5 8.Qc2 Bb4
9.Rc1 Qxa2 10.Bd3 Bxc3+ 11.bxc3 Qxc2 12.Rxc2 O-O 13.e4 N5b6 14.O-O Re8 15.c4 c5
16.Be3 cxd4 17.Bxd4 e5 18.Be3 Na4 19.c5 Nf8 20.Bb5 Bd7 21.Bxd7 Nxd7 22.Ra1 b5
23.c6 Ndb6 24.Nd2 f6 25.f4 exf4 26.Bxf4 a5 27.g4 b4 28.Re1 Nc3 29.Nb3 a4
30.Nd4 Ncd5 31.Bg3 b3 32.Rc5 Ne7 33.Rb5 Nbc8 34.e5 Na7 35.Rb6 Nd5 36.Rb7 Reb8
37.exf6 Nxc6 38.Rxg7+ Kh8 39.Nxc6 Rb6 40.Nd4 Nxf6 41.Rf7 Kg8 42.Ree7 b2 43.Nf5 b1=Q+
44.Kg2 Qb2+ 45.Kh3 Ne8 46.Rxh7 Rg6 47.Rhf7 Qh8+ 48.Kg2 Qb2+ 49.Kh3 Qa3 50.Kh4 Qc1
51.Bf4 Qxf4  0-1

[Event "Politiken Cup 2012"]
[Site "Helsingor DEN"]
[Date "2012.08.04"]
[Round "9.133"]
[White "Wadtland,Flemming"]
[Black "Nielsen,Pet"]
[Result "1/2-1/2"]
[WhiteElo "1612"]
[BlackElo "1801"]

1.Nf3 f5 2.d4 Nf6 3.Bg5 e6 4.g3 b6 5.Bg2 Bb7 6.O-O d5 7.a4 Nbd7 8.Ne5 Be7
9.Nxd7 Qxd7 10.Nd2 h6 11.Bxf6 Bxf6 12.Nf3 Qd6 13.e3 a5 14.Nd2 O-O-O 15.c4 Qb4
16.Qc2 Ba6 17.Rfc1 dxc4 18.Nxc4 c5 19.dxc5 bxc5 20.f4 Kb8 21.Ra3 Bxc4 22.Qxc4 Qxc4
23.Rxc4 Rd1+ 24.Kf2 Rd2+ 25.Kf1 Rxb2 26.Rd3 Rb4 27.Rxc5 Rb1+  1/2-1/2

[Event "22nd World Seniors Open"]
[Site "Kamena Vourla GRE"]
[Date "2012.11.13"]
[Round "1.43"]
[White "Nielsen,Pet"]
[Black "Dogantug,I"]
[Result "0-1"]
[WhiteElo "1733"]
[BlackElo "2138"]

1.Nf3 Nf6 2.g3 g6 3.b3 Bg7 4.Bb2 c5 5.c4 Nc6 6.Bg2 O-O 7.O-O d6 8.d3 e5 9.e4 Bg4
10.h3 Be6 11.Ng5 Bd7 12.Nc3 a6 13.Bc1 Rb8 14.Bd2 b5 15.cxb5 axb5 16.a4 Nd4
17.axb5 Bxb5 18.Nxb5 Rxb5 19.b4 cxb4 20.Qa4 Nd7 21.Nf3 Nc5 22.Nxd4 Nxa4 23.Nxb5 Qb6
24.Rxa4 Qxb5 25.Rxb4 Qxd3 26.Be3 f5 27.Rfb1 f4 28.gxf4 exf4 29.R4b3 Qc2 30.Bc1 Bd4  0-1

[Event "22nd World Seniors Open"]
[Site "Kamena Vourla GRE"]
[Date "2012.11.14"]
[Round "2.46"]
[White "Andreas,G"]
[Black "Nielsen,Pet"]
[Result "1-0"]
[WhiteElo "1995"]
[BlackElo "1733"]

1.e4 c5 2.Nf3 Nc6 3.d4 cxd4 4.c3 dxc3 5.Nxc3 g6 6.Bc4 e6 7.O-O Bg7 8.Nb5 d5
9.exd5 exd5 10.Bxd5 Be6 11.Bxe6 fxe6 12.Nd6+ Ke7 13.Nxb7 Qc7 14.Nc5 Rd8 15.Qe2 e5
16.Be3 Nf6 17.Na6 Qb7 18.Bc5+ Kd7 19.Ba3 Kc8 20.Rac1 Nd5 21.Qc4 e4 22.Ng5 Bh6
23.h4 Bxg5 24.hxg5 Rhe8 25.Qxc6+ Qxc6 26.Rxc6+ Kb7 27.Rfc1 e3 28.fxe3 Rxe3
29.Nb4 Nf4 30.Rc7+ Ka8 31.Nc6 Rxa3 32.bxa3  1-0

[Event "22nd World Seniors Open"]
[Site "Kamena Vourla GRE"]
[Date "2012.11.16"]
[Round "4.46"]
[White "Patola,E"]
[Black "Nielsen,Pet"]
[Result "1/2-1/2"]
[WhiteElo "1949"]
[BlackElo "1733"]

1.e4 c5 2.c4 Nc6 3.Nc3 g6 4.g3 Bg7 5.Bg2 d6 6.d3 e5 7.Nge2 Nge7 8.O-O O-O
9.h3 a6 10.Rb1 Rb8 11.f4 exf4 12.gxf4 b5 13.Be3 b4 14.Nd5 Nxd5 15.cxd5 Nd4
16.Bf2 b3 17.a3 Nc2 18.d4 c4 19.e5 Bf5 20.Rc1 Bd3 21.Kh2 Bh6 22.Qd2 Bxe2
23.Qxe2 Bxf4+ 24.Bg3 Bxc1 25.Rxc1 Nxa3 26.e6 Qe7 27.exf7+ Kxf7 28.Qg4 Nc2
29.Bh4 Qc7 30.Qe6+ Kg7 31.Be7 Rfe8 32.Qf6+ Kg8 33.Qe6+ Kg7 34.Qf6+ Kg8 35.Qe6+  1/2-1/2

[Event "22nd World Seniors Open"]
[Site "Kamena Vourla GRE"]
[Date "2012.11.17"]
[Round "5.46"]
[White "Nielsen,Pet"]
[Black "Maman,E"]
[Result "0-1"]
[WhiteElo "1733"]
[BlackElo "1941"]

1.Nf3 Nf6 2.g3 d6 3.d4 g6 4.b3 d5 5.Bb2 Bg7 6.Bg2 c6 7.O-O O-O 8.Nbd2 Na6
9.Re1 Re8 10.c4 e6 11.Ne5 Nd7 12.Ndf3 f6 13.Nxd7 Bxd7 14.cxd5 exd5 15.e3 Nc7
16.Rc1 Nb5 17.a4 Nd6 18.Nd2 h5 19.e4 dxe4 20.Nxe4 Nxe4 21.Bxe4 f5 22.Bd3 Rxe1+
23.Qxe1 Qf6 24.Bc4+ Kh7 25.Rc2 Qd6 26.Re2 Bf6 27.Qc1 b5 28.axb5 cxb5 29.Bd3 Rc8
30.Rc2 Rxc2 31.Qxc2 Bxd4 32.Bxd4 Qxd4 33.Bf1 Qd6 34.Qd3 Qxd3 35.Bxd3 Kg7
36.Kf1 Kf6 37.f4 Ke6 38.Ke2 a5 39.Ke3 Kd5 40.h3 Kc5 41.g4 hxg4 42.hxg4 Kb4
43.gxf5 gxf5 44.Kd4 Kxb3 45.Kd5 a4 46.Kd6 a3 47.Kxd7 a2 48.Bxf5 a1=Q 49.Be6+ Kb4
50.f5 Qf6  0-1

[Event "22nd World Seniors Open"]
[Site "Kamena Vourla GRE"]
[Date "2012.11.18"]
[Round "6.49"]
[White "Barboza,Mau"]
[Black "Nielsen,Pet"]
[Result "0-1"]
[WhiteElo "2063"]
[BlackElo "1733"]

1.e4 c5 2.Nf3 Nc6 3.d4 cxd4 4.Nxd4 g6 5.Be3 Bg7 6.Nc3 Nf6 7.Bc4 O-O 8.f3 Qb6
9.Nce2 Qb4+ 10.c3 Qxc4 11.O-O Nxd4 12.Nxd4 e5 13.Nb3 b6 14.g4  0-1

[Event "22nd World Seniors Open"]
[Site "Kamena Vourla GRE"]
[Date "2012.11.19"]
[Round "7.46"]
[White "Nielsen,Pet"]
[Black "Pihlajamaki,A"]
[Result "1/2-1/2"]
[WhiteElo "1733"]
[BlackElo "1925"]

1.d4 c5 2.d5 Nf6 3.c4 d6 4.Nc3 e6 5.e4 Be7 6.Be3 O-O 7.h3 a6 8.Qc2 exd5 9.exd5 Nbd7
10.Nf3 Re8 11.Bd3 Ne5 12.Nxe5 dxe5 13.g4 g6 14.O-O-O b5 15.cxb5 Qd6 16.bxa6 Bxa6
17.Bxa6 Qxa6 18.g5 Nd7  1/2-1/2

[Event "22nd World Seniors Open"]
[Site "Kamena Vourla GRE"]
[Date "2012.11.21"]
[Round "8.43"]
[White "Doubleday,W"]
[Black "Nielsen,Pet"]
[Result "1-0"]
[WhiteElo "2039"]
[BlackElo "1733"]

1.d4 Nf6 2.c4 e6 3.Nc3 Bb4 4.e3 O-O 5.Ne2 d5 6.a3 Be7 7.Nf4 c6 8.Bd3 Nbd7
9.cxd5 exd5 10.O-O Re8 11.Qf3 Bd6 12.h3 Nf8 13.Nh5 Nxh5 14.Qxh5 Qf6 15.Bd2 Bd7
16.Rad1 Bc7 17.e4 dxe4 18.Nxe4 Qg6 19.Qxg6 Nxg6 20.Nc5 Be6 21.Nxe6 Rxe6 22.Rfe1 Rae8
23.Bf5 Rxe1+ 24.Rxe1 Rxe1+ 25.Bxe1 Nf4 26.Bc8 b6 27.Kf1 c5 28.dxc5 bxc5 29.g3 Ne6
30.Bxe6 fxe6 31.Ke2 Kf7 32.Kd3 e5 33.Kc4 Ke6 34.Kxc5 Bb6+ 35.Kc4 e4 36.b4 e3
37.f3 g5 38.Kd3 h6 39.g4 Ke5 40.Bg3+ Kd5 41.f4 Bc7 42.Kxe3 Kc4 43.Kf3 gxf4
44.Bxf4 Bxf4 45.Kxf4 Kb3 46.h4 Kxa3 47.g5 hxg5+ 48.hxg5 Kxb4 49.g6 a5 50.g7 a4
51.g8=Q  1-0

[Event "22nd World Seniors Open"]
[Site "Kamena Vourla GRE"]
[Date "2012.11.22"]
[Round "9.48"]
[White "Nielsen,Pet"]
[Black "Strohbusch,Frank"]
[Result "1-0"]
[WhiteElo "1733"]
[BlackElo "1864"]

1.e4 e6 2.d4 d5 3.Nc3 Bb4 4.e5 c5 5.Bd2 cxd4 6.Nb5 Bc5 7.b4 Bf8 8.Nxd4 Qb6
9.c3 Bd7 10.f4 Nc6 11.Ngf3 Nh6 12.Bd3 Be7 13.O-O Nf5 14.Bxf5 exf5 15.Kh1 O-O
16.Nxc6 Qxc6 17.Re1 Rfe8 18.Nd4 Qg6 19.Qf3 Rad8 20.Re3 Bh4 21.Rf1 Qa6 22.Re2 Bb5
23.Nxb5 Qxb5 24.g3 Be7 25.Be3 Rc8 26.Bd4 Qc4 27.Qe3 b6 28.Rd1 Rc6 29.Qd3 g6
30.Qxc4 dxc4 31.b5 Rcc8 32.Be3 Rcd8 33.Red2 Kf8 34.Kg2 Rxd2+ 35.Rxd2 Rd8
36.Rxd8+ Bxd8 37.Kf3 Ke7 38.Bc1 Ke6 39.Ba3 f6 40.Bd6 fxe5 41.fxe5 Bg5 42.Bb8 Bd2
43.Bxa7 Kxe5 44.Bxb6 Bxc3 45.a4 Kd6 46.a5 Kd7 47.a6 Kc8 48.Be3 Be5 49.b6 c3
50.Ke2 Kb8 51.Bf4 Bxf4 52.gxf4 h6 53.h4  1-0

[Event "22nd World Seniors Open"]
[Site "Kamena Vourla GRE"]
[Date "2012.11.23"]
[Round "10.42"]
[White "Guaglianone,M"]
[Black "Nielsen,Pet"]
[Result "1-0"]
[WhiteElo "2017"]
[BlackElo "1733"]

1.d4 Nf6 2.Nf3 e6 3.Bf4 Be7 4.Nbd2 b5 5.e4 a6 6.Bd3 Bb7 7.Qe2 d6 8.c3 Nbd7
9.a4 bxa4 10.Rxa4 Qc8 11.O-O O-O 12.Rfa1 Nb6 13.R4a2 d5 14.e5 Nfd7 15.Bxa6 c5
16.Bd3 Rxa2 17.Rxa2 c4 18.Bc2 Qc6 19.Bg5 Bxg5 20.Nxg5 g6 21.Qg4 h5 22.Qh3 Kg7
23.Ndf3 Qc8 24.Ra7 Re8 25.g4 Rh8 26.gxh5 Rxh5 27.Qg4 f5 28.exf6+ Nxf6 29.Qxe6 Qxe6
30.Nxe6+  1-0

[Event "22nd World Seniors Open"]
[Site "Kamena Vourla GRE"]
[Date "2012.11.24"]
[Round "11.47"]
[White "Nielsen,Pet"]
[Black "Choong,Mark"]
[Result "0-1"]
[WhiteElo "1733"]
[BlackElo "1948"]

1.e4 c5 2.Nc3 e6 3.f4 g6 4.Nf3 Bg7 5.Bc4 Ne7 6.O-O d6 7.Rb1 Nbc6 8.a3 a6
9.d3 O-O 10.Be3 d5 11.Bxc5 dxc4 12.Ne5 Nxe5 13.fxe5 Bxe5 14.d4 Bb8 15.d5 Qc7
16.Qd4 Qxh2+ 17.Kf2 Bg3+ 18.Ke2 e5 19.Rh1 exd4 20.Rxh2 Bxh2 21.Bxe7 Be5 22.d6 dxc3
23.bxc3 Re8  0-1